Un lord anglais - Joe Dassin - Statistiques

Statistiques générales
  • Ce quiz a été pris 9 fois
  • Le résultat moyen est 132 sur 181
Statistiques - réponses
Réponse % Correct
à
100%
a
100%
adore
100%
anglais
100%
aussi
100%
avait
100%
de
100%
des
100%
devenu
100%
jardinier
100%
vie
100%
Elle
100%
elle
100%
épousé
100%
et
100%
femme
100%
fours
100%
jardin
100%
jardinier
100%
je
100%
l'abri
100%
lait
100%
le
100%
les
100%
Lord
100%
ma
100%
me
100%
n'est
100%
nuage
100%
parfait
100%
personne
100%
petits
100%
pour
100%
suis
100%
un
100%
viens
100%
votre
100%
vous
100%
Windsor
100%
chasse
75%
courre
75%
du
75%
moi-même
75%
potins
75%
sa
75%
son
75%
amour
50%
ans
50%
chaque
50%
compliments
50%
consciencieusement
50%
content
50%
cultivé
50%
cultiver
50%
dans
50%
débarqué
50%
diplômé
50%
dix-huit
50%
était
50%
français
50%
gazon
50%
grand
50%
hier
50%
j'ai
50%
j'avais
50%
l'ami
50%
maison
50%
matin
50%
matins
50%
Milady
50%
Milord
50%
mois
50%
nuit
50%
Paris
50%
pensait
50%
rejoindre
50%
soleil
50%
tous
50%
venait
50%
vive
50%
accompagné
25%
beau
25%
Bromley
25%
Buckingham
25%
discours
25%
fait
25%
grands
25%
jeux
25%
mains
25%
mes
25%
nouveau
25%
quatre
25%
radis
25%
soirée
25%
venir
25%
whisky
25%
c'est
0%
commun
0%
discrets
0%
feutrés
0%
marché
0%
mots
0%
pas
0%
Aucun quiz correspondant
Distribution des résultats
% des personnes avec chaque résultat
Percentile par nombre de réponses
Votre historique - résultats
Vous n’avez pas pris ce quiz